Fallout- All Companions - Statistics

General Stats
  • This quiz has been taken 177 times
    172 since last reset
  • The average score is 24 of 52
Answer Stats
Hint Answer % Correct
Dog/God
96%
Fallout 1,2, 3 & 4 Dogmeat
95%
Piper Wright
87%
Craig Boone
80%
Nick Valentine
76%
Rex
75%
Strong
75%
Veronica Santangelo
74%
Codsworth
73%
Cait
72%
Preston Garvey
72%
Paladin Danse
71%
ED-E
70%
Rose of Sharon Cassidy
68%
CVRIE/Curie
67%
John McDonough/Hancock
67%
Fallout: New Vegas Arcade Israel Gannon
65%
Fawkes
65%
Lily Bowen
65%
Raul Tejada
60%
Robert Joseph MacCready
60%
Deacon
58%
Old Longfellow
57%
X6-88
56%
Porter Gage
50%
Charon
49%
Fallout 3 Butch DeLoria
48%
Dean Domino
48%
Jericho
48%
Fallout 4 Ada
46%
Christine Royce
37%
Star Paladin Cross
37%
Fallout 1 Ian
36%
Marcus
34%
Follows-Chalk
31%
Clover
30%
Waking Cloud
23%
John Cassidy
22%
Myron
19%
Sergeant RL-3
18%
Vic
17%
Goris
16%
Skynet
16%
Sulik
16%
K-9
14%
Lenny
14%
Tycho
14%
Katja
12%
Robodog
12%
Pariah Dog
10%
Miria
6%
Fallout 2 Davin
5%
No matching quizzes found
Score Distribution
Percent of People with Each Score
Percentile by Number Answered
Your Score History
You have not taken this quiz since the last reset